| 000 | 02281nam a22002777a 4500 | ||
|---|---|---|---|
| 001 | 675 | ||
| 005 | 20250528094252.0 | ||
| 020 | _a9789995053574 | ||
| 040 |
_aFISKH _beng _cFISKH _dFISKH |
||
| 082 | _a551 | ||
| 100 | _aThida, Hang | ||
| 245 | _aរឿងនិទានរបស់ទឹក / | ||
| 246 | _aThe story of the water | ||
| 250 | _a900 copies, 2015 | ||
| 260 |
_aPhnom Penh : _bRoom to Read ; _c2015. |
||
| 300 |
_a20 pages ; _bcolor illustrations ; _c30 cm. |
||
| 505 | _aH | ||
| 520 | _aរឿងនិទានទឹក បង្ហាញនូវការព្រួយបារម្ភរបស់ទឹកដែលជាអ្នករងគ្រោះដោយសារមនុស្សជាអ្នកបង្ករឡើង តាមរយៈការបញ្ចេញកាកសំណល់ពិរោងចក្រ ឧស្សាហកម្មតូចធំជាច្រើនក្នុងទីក្រុង។ បន្ទាប់ពីរោងចក្រទាំងនោះ ផលិតបានផលិតផលទំនើប និងល្អៗ សម្រាប់តម្រូវការរបស់មនុស្សលោក ទន្ទឹមនឹងនេះ វាក៏បន្សល់នូវផលវិបាកដ៏ធ្ងន់ធ្ងរដល់បរិស្ថាន និងសុខភាពរបស់មនុស្ស សត្វទាំងពួង ផងដែរ។ ប៉ុន្តែ មនុស្សលោកមិនព្រមទទួលស្គាល់នូវរឿងពិតទាំងនេះឡើយ។ | ||
| 520 | _aThe Story of Water depicts the concerns of water that was victimized by human beings who causes troubles by draining wastes from big and small factories in the city. The factories manufactured modern and good products to meet the demand of human beings, while they left behind severe consequences to the environment and health of all lives. However, human beings did not accept this matter as truth. | ||
| 521 |
_a490
_bFISKH |
||
| 521 |
_aH
_bRaz-Plus |
||
| 650 |
_aWater _xHistory fiction |
||
| 650 |
_aWater _xHistory fiction |
||
| 700 |
_aSovanrith, Khun _cillustrator. |
||
| 942 |
_2ddc _cKHB _n0 |
||
| 999 |
_c675 _d675 |
||